000 00489nam a22001937a 4500
003 NUST - PNEC
005 20170116180944.0
008 150821b xxu||||| |||| 00| 0 eng d
020 _a0132560971
020 _a8120312783
040 _cLIBRARY
082 _a621.3815 BEL
100 _95377
_aBell, David A.,
245 _aElectronic devices and circuits
_cDavid A., Bell
250 _a3rd ed.
260 _cc1986.
650 _95379
_aElectronic circuits
_xEL, EE
942 _2ddc
_cBK
999 _c66256
_d66256